| 000 | 00323nam a22001337a 4500 | ||
|---|---|---|---|
| 003 | SGT | ||
| 020 | _a9781847391469 | ||
| 082 |
_a158 _bCOV |
||
| 100 | _aCOVEY STEPHEN R | ||
| 245 |
_aTHE 8TH HABIT _bFROM EFFECTIVENESS TO GREATNESS |
||
| 260 |
_aNEW DELHI _bSIMON & SCHUSTER _c2004 |
||
| 300 | _aXVI , 409 | ||
| 942 |
_2ddc _cBK |
||
| 999 |
_c23366 _d23366 |
||